Mac world Mac Secrets

Bibliographic Details
Main Author: Pogue, David
Other Authors: Schorr, Joseph
Format: Book
Published: New York : Hungry Minds , 2001
Subjects:

MARC

LEADER 00000cam a2200000 7i4500
001 0000011583
005 20050425.0
020 |a 0764534157 
040 |a INS 
090 0 0 |a QA76.8M3   |b P619 2001 
100 1 |a Pogue, David 
245 1 0 |a Mac world Mac Secrets   |c David Pogue 
260 |a New York :   |b Hungry Minds ,   |c 2001 
300 |a xiii :   |b 1301p ;   |c 23cm. 
650 0 0 |a Macintosh (computer) 
650 0 0 |a Microcomputers 
700 1 |a Schorr, Joseph 
999 |a 0000011108   |b BOOK   |c Open Shelf   |e Default branch